| 000 | 00547nam a2200217Ia 4500 | ||
|---|---|---|---|
| 005 | 20220718135435.0 | ||
| 008 | 131103s9999 xx 000 0 und d | ||
| 020 |
_a8131600831 _cRs.650.00 |
||
| 040 | _aLoreto College | ||
| 041 | _aEnglish | ||
| 082 |
_a305.5 _bSHA |
||
| 100 | _aSharma, K.L. | ||
| 245 |
_aIndian social structure and change _cK.L.Sharma |
||
| 260 |
_aJaipur _bRawat Publications _c2008 |
||
| 300 | _axii,376p | ||
| 440 | _a22cm | ||
| 504 | _aIncludes index | ||
| 650 | _aSocial classes | ||
| 850 | _aLCLIB | ||
| 942 | _cBK | ||
| 999 |
_c36397 _d86876 |
||